Etica /

Guardado en:
Bibliografiske detaljer
Hovedforfatter: Rodríguez Duplá, Leonardo (autor)
Format: Bog
Sprog:spansk
Udgivet: Madrid, España : Editorial Católica, 2001, c2001
Serier:(Sapientia Rerum ; 1)
Fag:
Tags: Tilføj Tag
Ingen Tags, Vær først til at tagge denne postø!

MARC

LEADER 00000nam^a2200000^a^4500
001 000136709
005 20250521000000.0
009 20260310095329.632
020 |a 84-7914-595-1 
037 |a Acervo ITESO - Biblioteca 
041 |a ESP 
082 |a 170.  |b ROD 
100 |a Rodríguez Duplá, Leonardo  |e (autor) 
245 1 0 |a Etica /  |c L. Rodríguez Duplá. 
264 4 |a Madrid, España :  |b Editorial Católica,  |c 2001, c2001 
300 |a XXIII, 289 p. 
336 |a texto  |b txt  |2 rdacontenido 
337 |a sin mediación  |b n  |2 rdamedio 
338 |a volumen  |b nc  |2 rdasoporte 
440 1 |a (Sapientia Rerum ;  |v 1) 
649 |a XX 
650 |a Voluntad 
650 |a Felicidad 
650 |a Etica 
650 |a Filosofía 
910 |a Fondo General 
920 |a Impresos - Libros 
930 |a Colección General 
905 |a 101 
901 |a 0500065465  |b IT1  |c ACC  |u 20250521 
902 |a https://opac.biblio.iteso.mx/vufind/Record/000136709